Libros de texto del nuevo curriculum : criterios, contenidos generales y especificiones técnicas para su elaboración y evaluación : (Registro nro. 8994)

Detalles MARC
000 -LIDER
fixed length control field 00898nam a22002177a 4500
001 - NÚMERO DE CONTROL
Identificador de número de control 00260
003 - IDENTIFICACDOR DE NÚMERO DE CONTROL
control field DO-SdBNP
005 - DATE AND TIME OF LATEST TRANSACTION
control field 20151203101220.0
008 - ELEMENTOS DE LONGITUD FIJA
fixed length control field 151203b 1996 dr xxu||||| |||| 00| 0 spa d
040 ## - FUENTE DE CATALOGACIÓN
Agencia que crea de manera original el registro BPMSU
Idioma de catalogación spa
Agencia que realiza la transcripción BPMSU
092 ## - LOCALLY ASSIGNED DEWEY DECIMAL CALL NUMBER
Número de clasificación xxxxx
Número de ítem (Cutter) xxxxx
110 2# - ASIENTO PRINCIPAL--NOMBRE CORPORATIVO
Unidad subordinada República Dominicana.
Lugar de la reunión Secretaría de Estado de Educación, Bellas Artes y Cultos.
245 00 - MENCIÓN DE TITULO
Título Libros de texto del nuevo curriculum : criterios, contenidos generales y especificiones técnicas para su elaboración y evaluación :
Subtítulo criterios, contenidos generales y especificiones técnicas para su elaboración y evaluación /
Mención de responsabilidad SEEBAC-BIB.
260 ## - PUBLICACIÓN, DISTRIBUCIÓN, ETC. (PIE DE IMPRENTA)
Lugar de publicación, distribución, etc Santo Domingo :
Nombre del editor, distribuidor, etc. SEEBAC-BIB,
Fecha de publicación, distribución, etc 1996.
300 ## - DESCRIPCIÓN FÍSICA
Extensión 214 p. :
Dimensiones 23 cm.
490 1# - MENCIÓN DE SERIES
Mención de serie Fortalecimiento Institucional, nivel básico
830 #0 - ASIENTO SECUNDARIO DE SERIE--TÍTULO UNIFORME
Título uniforme Fortalecimiento Institucional, nivel básico
910 ## - VALIDACIÓN
Validación 00260
942 ## - ADDED ENTRY ELEMENTS (KOHA)
Source of classification or shelving scheme Dewey Decimal Classification
Koha item type Libros
956 ## - LOCAL ELECTRONIC LOCATION AND ACCESS (OCLC)
Nombre de host Lorenza Pérez
Número de acceso 10
Existencias
Withdrawn status Lost status Source of classification or shelving scheme Damaged status Not for loan Collection code Home library Current library Date acquired Source of acquisition Total Checkouts Barcode Date last seen Price effective from Koha item type
    Dewey Decimal Classification       Biblioteca Pública Metropolitana Salomé Ureña Biblioteca Pública Metropolitana Salomé Ureña 12/03/2015 Donación   BPMSU15120029 12/03/2015 12/03/2015 Libros